000 00564nam a2200193 a 4500
001 000023919
005 20200930022553.0
008 110117s1972 sp r 000 0 spa d
040 _aDO-SdBNP
_bspa
_cBNPHU
082 _axxxxx
_bS164s
100 1 _aSalgari, Emilio
_949215
245 1 3 _aLa soberana del campo de oro /
_cEmilio salgari.
260 _aMadrid :
_bDoncel,
_c1972.
300 _a179 p.
490 1 _aLibro joven de bolsillo.
_v34
500 _aIncluye notas al pie de las páginas.
830 0 _aLibro joven de bolsillo.
_n34
_949216
049 _aBNGR
999 _c23415
_d23415